Research perspectives in hydraulics and water resources engineering / (Record no. 60675)
[ view plain ]
| 000 -LEADER | |
|---|---|
| fixed length control field | 01214cam a22003257a 4500 |
| 001 - CONTROL NUMBER | |
| control field | 12870296 |
| 003 - CONTROL NUMBER IDENTIFIER | |
| control field | NUST-PNEC |
| 005 - DATE AND TIME OF LATEST TRANSACTION | |
| control field | 20170116180704.0 |
| 008 - FIXED-LENGTH DATA ELEMENTS--GENERAL INFORMATION | |
| fixed length control field | 020725s2002 si ab b 001 0 eng d |
| 010 ## - LIBRARY OF CONGRESS CONTROL NUMBER | |
| LC control number | 2002510354 |
| 020 ## - INTERNATIONAL STANDARD BOOK NUMBER | |
| International Standard Book Number | 9810249292 |
| 035 ## - SYSTEM CONTROL NUMBER | |
| System control number | (OCoLC)ocm49888469 |
| 040 ## - CATALOGING SOURCE | |
| Original cataloging agency | TEF |
| Transcribing agency | PNEC |
| 042 ## - AUTHENTICATION CODE | |
| Authentication code | lccopycat |
| 050 00 - LIBRARY OF CONGRESS CALL NUMBER | |
| Classification number | TC160 |
| Item number | .R45 2002 |
| 082 ## - DEWEY DECIMAL CLASSIFICATION NUMBER | |
| Classification number | 628.1 PRA |
| 100 ## - MAIN ENTRY--PERSONAL NAME | |
| 9 (RLIN) | 306 |
| Personal name | Prasad, Rama |
| 245 00 - TITLE STATEMENT | |
| Title | Research perspectives in hydraulics and water resources engineering / |
| Statement of responsibility, etc. | edited by Rama Prasad & S. Vedula. |
| 260 ## - PUBLICATION, DISTRIBUTION, ETC. | |
| Place of publication, distribution, etc. | Singapore ; |
| -- | River Edge, N.J. : |
| Name of publisher, distributor, etc. | World Scientific, |
| Date of publication, distribution, etc. | c2002. |
| 300 ## - PHYSICAL DESCRIPTION | |
| Extent | ix, 356 p. : |
| Other physical details | ill. (some col.), map ; |
| Dimensions | 23 cm. |
| 500 ## - GENERAL NOTE | |
| General note | Includes Index http://www.amazon.com/Research-Perspectives-Hydraulics-Resources-Engineering/dp/9810249292/ref=sr_1_1?s=books&ie=UTF8&qid=1410956938&sr=1-1&keywords=9810249292 |
| 504 ## - BIBLIOGRAPHY, ETC. NOTE | |
| Bibliography, etc. note | Includes bibliographical references and index. |
| 650 #0 - SUBJECT ADDED ENTRY--TOPICAL TERM | |
| Topical term or geographic name entry element | Hydraulics. |
| 650 #0 - SUBJECT ADDED ENTRY--TOPICAL TERM | |
| Topical term or geographic name entry element | Water-supply. |
| General subdivision | ME |
| 700 0# - ADDED ENTRY--PERSONAL NAME | |
| Personal name | Rama Prasad. |
| 700 1# - ADDED ENTRY--PERSONAL NAME | |
| Personal name | Vedula, S. |
| 906 ## - LOCAL DATA ELEMENT F, LDF (RLIN) | |
| a | 7 |
| b | cbc |
| c | copycat |
| d | 2 |
| e | ncip |
| f | 20 |
| g | y-gencatlg |
| 942 ## - ADDED ENTRY ELEMENTS (KOHA) | |
| Source of classification or shelving scheme | |
| Koha item type | Book |
| Withdrawn status | Lost status | Source of classification or shelving scheme | Damaged status | Not for loan | Permanent Location | Current Location | Shelving location | Date acquired | Source of acquisition | Cost, normal purchase price | Total Checkouts | Full call number | Barcode | Date last seen | Cost, replacement price | Price effective from | Koha item type |
|---|---|---|---|---|---|---|---|---|---|---|---|---|---|---|---|---|---|
| Pakistan Navy Engineering College (PNEC) | Pakistan Navy Engineering College (PNEC) | Reference | 09/10/2007 | Standard Books | 7450.00 | 628.1 PRA | PNECLIB-028453 | 09/17/2014 | 7450.00 | 09/10/2007 | Book |
